|
|
|
|
| LEADER |
00691nam a2200181Ia 4500 |
| 001 |
CTU_44159 |
| 008 |
210402s9999 xx 000 0 und d |
| 082 |
|
|
|a 631.41
|
| 082 |
|
|
|b P726/1996
|
| 100 |
|
|
|a A C.C. Plette
|
| 245 |
|
0 |
|a Cadmium and zinc interactions with a gram-positive soil bacterium from variable charging behavior of the cell wall to bioavailability of heavy metals in soils
|
| 245 |
|
2 |
|c A C.C. Plette
|
| 260 |
|
|
|a Wageningen
|
| 260 |
|
|
|b Landbouwuniversiteit te Wageningen
|
| 260 |
|
|
|c 1996
|
| 650 |
|
|
|a cell wall sorpition,competitive ion binding,soil science
|
| 904 |
|
|
|i Nguyễn Quang Điền, 010911
|
| 980 |
|
|
|a Trung tâm Học liệu Trường Đại học Cần Thơ
|